[Event "Llinars del Valles op-B 13th"]
[Site "Llinars del Valles"]
[Date "2019.06.15"]
[Round "8"]
[White "Lopez Torralba, Oscar"]
[Black "Fernandez Ferreira, Alex"]
[Result "1-0"]
[WhiteElo "1504"]
[BlackElo "1357"]
[PlyCount "87"]
[EventDate "2019.03.30"]
[EventType "swiss"]
[EventRounds "8"]
[EventCountry "ESP"]
[SourceTitle "EXT 2021"]
[Source "ChessBase"]
[SourceDate "2020.10.23"]
[SourceVersion "1"]
[SourceVersionDate "2020.10.23"]
[SourceQuality "1"]

1. e4 c6 2. Nc3 d5 3. Nf3 dxe4 4. Nxe4 Bf5 5. Ng3 Bg6 6. h4 h6 7. Ne5 Qd6 8. d4 Nd7 9. Nxg6 Qxg6 10. Bd3 Qd6 11. c3 e6 12. Ne4 Qc7 13. Qf3 Ngf6 14. Bf4 Qb6 15. Rb1 Nxe4 16. Qxe4 Nf6 17. Qf3 Nd5 18. Be5 Be7 19. Qg3 Bf8 20. a3 0-0-0 21. Qh3 Nc7 22. 0-0 Rd7 23. b4 Ne8 24. a4 Bd6 25. a5 Qd8 26. Qe3 f6 27. Bxd6 Rxd6 28. a6 b6 29. Rfd1 Nc7 30. b5 g5 31. h5 Nd5 32. Qc1 Nf4 33. g4 Rh7 34. Qe3 Rhd7 35. bxc6 Rxc6 36. Bb5 Rxc3 37. Qxc3+ Rc7 38. Qf3 Nh3+ 39. Qxh3 Qd5 40. Qe3 Rc2 41. Rd2 Rxd2 42. Qxd2 Qf3 43. Rc1+ Kd8 44. Be2 1-0

[Event "Llinars del Valles op 11th B"]
[Site "Llinars del Valles"]
[Date "2017.04.29"]
[Round "2.27"]
[White "Fernandez Ferreira, Alex"]
[Black "Bertran Genis, Josep"]
[Result "0-1"]
[WhiteElo "1212"]
[BlackElo "1669"]
[PlyCount "118"]
[EventDate "2017.04.22"]
[EventType "swiss"]
[EventRounds "9"]
[EventCountry "ESP"]
[SourceTitle "EXT 2024"]
[Source "ChessBase"]
[SourceDate "2023.10.10"]
[SourceVersion "1"]
[SourceVersionDate "2023.10.10"]
[SourceQuality "1"]

1. d4 Nf6 2. c4 d5 3. e3 e6 4. Nf3 c5 5. b3 Bd6 6. Bb2 Nc6 7. Bd3 Bd7 8. 0-0 0-0 9. Ne5 Qc7 10. f4 cxd4 11. exd4 Rad8 12. Nd2 Qb6 13. Ndf3 Qc7 14. Nxc6 Bxc6 15. Ne5 Ne4 16. Rf3 f6 17. Nxc6 bxc6 18. cxd5 exd5 19. Rh3 f5 20. Qh5 h6 21. Rf1 Qf7 22. Qe2 Rde8 23. Qc2 Qc7 24. Bc1 Rf6 25. Be3 Rg6 26. Rh5 Rf6 27. Bf2 Kh7 28. Be3 Rc8 29. Rh3 Rg6 30. Be2 Re6 31. Rhf3 Qf7 32. Rh3 Rc7 33. Bh5 g6 34. Be2 c5 35. dxc5 Bxc5 36. Bxc5 Rxc5 37. Qd3 Rec6 38. Qd4 Rc2 39. Bd3 Rc1 40. Qb2 Rxf1+ 41. Bxf1 Qg7 42. Qe2 Rc1 43. Rd3 Qb7 44. Qb2 Qb6+ 45. Qd4 Qxd4+ 46. Rxd4 Nc3 47. Rd3 Ne2+ 48. Kf2 Nxf4 49. Rd4 g5 50. g3 Rc2+ 51. Kg1 Ne2+ 52. Bxe2 Rxe2 53. Rxd5 Kg6 54. Ra5 f4 55. Rxa7 f3 56. Ra4 Rg2+ 57. Kh1 h5 58. Rc4 Rxa2 59. Rc3 Ra1+ 0-1

[Event "Llinars del Valles op 11th B"]
[Site "Llinars del Valles"]
[Date "2017.04.22"]
[Round "1.18"]
[White "Maria Medina, Joan Josep"]
[Black "Fernandez Ferreira, Alex"]
[Result "1-0"]
[WhiteElo "1606"]
[BlackElo "1212"]
[PlyCount "47"]
[EventDate "2017.04.22"]
[EventType "swiss"]
[EventRounds "9"]
[EventCountry "ESP"]
[SourceTitle "EXT 2024"]
[Source "ChessBase"]
[SourceDate "2023.10.10"]
[SourceVersion "1"]
[SourceVersionDate "2023.10.10"]
[SourceQuality "1"]

1. e4 c5 2. Nf3 Nc6 3. d4 cxd4 4. Nxd4 g6 5. Be3 Bg7 6. Nc3 Nf6 7. f3 0-0 8. Qd2 d6 9. 0-0-0 Nxd4 10. Bxd4 Be6 11. Kb1 a6 12. g4 b5 13. g5 Nd7 14. Bxg7 Kxg7 15. h4 Nb6 16. Bh3 Bc8 17. h5 Nc4 18. Qh2 b4 19. Bxc8 bxc3 20. hxg6 Rh8 21. Qh6+ Kg8 22. gxh7+ Rxh7 23. Qxh7+ Kf8 24. Qh8# 1-0

[Event "Roncana op-B 9th"]
[Site "Santa Eulalia de Roncana"]
[Date "2015.11.21"]
[Round "7"]
[White "Fernandez Ferreira, Alex"]
[Black "Rivera Vargas, Toni"]
[Result "0-1"]
[WhiteElo "1733"]
[BlackElo "1826"]
[PlyCount "78"]
[EventDate "2015.10.03"]
[EventType "swiss"]
[EventRounds "8"]
[EventCountry "ESP"]
[SourceTitle "EXT 2017"]
[Source "ChessBase"]
[SourceDate "2016.10.25"]
[SourceVersion "1"]
[SourceVersionDate "2016.10.25"]
[SourceQuality "1"]

1. d4 Nf6 2. Nf3 d5 3. Bf4 Nc6 4. e3 e6 5. Be2 Bb4+ 6. Nbd2 Bxd2+ 7. Nxd2 0-0 8. h3 b6 9. c4 Bb7 10. 0-0 Ne7 11. Be5 Ng6 12. Bxf6 Qxf6 13. Nb1 dxc4 14. Bxc4 Nh4 15. g3 Qf3 16. Qxf3 Nxf3+ 17. Kh1 Nd2+ 18. Kh2 Nxc4 19. Rc1 Nxb2 20. Rxc7 Rab8 21. Nd2 Rfc8 22. Rxc8+ Rxc8 23. Rb1 Rc2 24. Nf1 Rxf2+ 25. Kg1 Rg2+ 26. Kh1 Rxg3+ 27. Kh2 Rf3 28. a3 h6 29. Kg1 Nc4 30. Rb3 Rxh3 31. Rc3 b5 32. a4 a6 33. axb5 axb5 34. Rb3 Bc6 35. Nh2 Rxe3 36. Rb4 Rd3 37. Ng4 Rg3+ 38. Kf2 Rxg4 39. Ke2 Rxd4 0-1

[Event "Roncana op-C 8th"]
[Site "Santa Eulalia de Roncana"]
[Date "2014.10.18"]
[Round "2"]
[White "Fernandez Ferreira, Alex"]
[Black "Toquero Gracia, Laura"]
[Result "1-0"]
[WhiteElo "1701"]
[BlackElo "1700"]
[PlyCount "52"]
[EventDate "2014.10.11"]
[EventType "swiss"]
[EventRounds "8"]
[EventCountry "ESP"]
[SourceTitle "EXT 2016"]
[Source "ChessBase"]
[SourceDate "2015.10.08"]
[SourceVersion "1"]
[SourceVersionDate "2015.10.08"]
[SourceQuality "1"]

1. e4 e5 2. Nf3 Nc6 3. Bc4 Nf6 4. Nc3 Bc5 5. 0-0 0-0 6. d3 d6 7. Bg5 h6 8. Bxf6 Qxf6 9. h3 Na5 10. b3 Bd7 11. a4 Bc6 12. Qe2 Qe7 13. Rad1 Rae8 14. d4 Ba3 15. dxe5 Bb2 16. exd6 cxd6 17. Rd3 Qf6 18. Qd2 Nxc4 19. bxc4 b6 20. Nd5 Bxd5 21. cxd5 Be5 22. Nxe5 Qxe5 23. a5 bxa5 24. c4 Qxe4 25. Rd4 Qe5 26. Rb1 Rb8 1-0